Ekonomická výkonnosť a štruktúra ekonomiky: implikácie pre priemyselnú politiku

Uložené v:
Podrobná bibliografia
Hlavný autor: Dujava, Daniel
Ďalší autori: Lábaj, Martin, 1982-
Médium: Kapitola
Jazyk:Slovak
Tagy: Pridať tag
Žiadne tagy, Buďte prvý, kto otaguje tento záznam!

MARC

LEADER 00000nla a2200000 4500
001 0226959
005 20240502073735.7
041 0 |a slo 
044 |a SK 
245 1 0 |a Ekonomická výkonnosť a štruktúra ekonomiky: implikácie pre priemyselnú politiku  |c Daniel Dujava, Martin Lábaj 
100 1 |a Dujava, Daniel 
700 1 |a Lábaj, Martin, 1982-